Statistics for Capital Cities Containing Random Words 4#

Click here to take the quiz!

General Stats

  • This quiz has been taken 143 times
  • The average score is 11 of 16

Answer Stats

WordCapital% Correct
holmStockholm
97%
gradeBelgrade
96%
freeFreetown
92%
bratBratislava
88%
waitKuwait City
88%
budBudapest
86%
bagBaghdad
84%
rigRiga
84%
podPodgorica
72%
funFunafuti
70%
kartJakarta
67%
bassBasseterre
64%
hagCopenhagen
43%
conConakry
40%
awardSri Jayawardenepura Kotte
39%
seaRoseau
14%

Score Distribution

Percentile by Number Answered

Percent of People with Each Score

Your Score History

You have not taken this quiz